[Event "TCh-CHN"]
[Site "Ningbo City CHN"]
[Date "2010.04.16"]
[Round "1"]
[White "Wang Yue"]
[Black "Gao Rui"]
[Result "1/2-1/2"]
[WhiteElo "2749"]
[BlackElo "2464"]

1.d4 Nf6 2.c4 g6 3.Nc3 d5 4.Nf3 Bg7 5.Bg5 Ne4 6.Bh4 Nxc3 7.bxc3 dxc4 8.e3 b5
9.a4 c6 10.Be2 O-O 11.Nd2 a6 12.Bf3 Ra7 13.O-O Qb6 14.Qb1 Be6 15.Qa2 Rc7
16.Rfb1 Re8 17.Qa3 Bf8 18.Bg3 Rcc8 19.axb5 axb5 20.e4 Nd7 21.Nf1 Qb7 22.Qa6 Qxa6
23.Rxa6 Nf6 24.Ne3 Red8 25.Bf4 h5 26.h3 Kh7 27.g4 Bg7 28.Kg2 hxg4 29.hxg4 Kg8
30.Kg3 b4 31.Rxb4 c5 32.dxc5 Rxc5 33.Rb8 Rxb8 34.Bxb8 Nd7 35.Ba7 Rc7 36.Bd4 Nc5
37.Ra8+ Kh7 38.e5 Nb3 39.Be4 Rd7 40.Nc2 Bd5 41.Bxd5 Rxd5 42.f4 f6 43.Kf3 fxe5
44.fxe5 Bxe5 45.Ke4 e6 46.Ra7+ Kg8 47.Bxe5 Nc5+ 48.Kf4 Nd3+ 49.Kg5 Nxe5 50.Rc7 Rd3
51.Nd4 Rxc3 52.Nxe6 Re3 53.Nf4 Rg3 54.Kf6 Nxg4+ 55.Kxg6 Ne3+ 56.Kf6 Ng4+
57.Kf5 Nh6+ 58.Ke4 Rg7 59.Rxc4 Re7+ 60.Kf3 Nf7  1/2-1/2